000 00444nam a2200193Ia 4500
005 20250423100631.0
008 250422s9999 xx 000 0 und d
020 _a9780273779827
050 _aHF 5415 .K636/
100 _aKotler, Philip
245 0 _aPrinciples of marketing
250 _a14th ed.
260 _aEngland
260 _bPearson Education Ltd
260 _c2013
300 _a636 p
650 _aMarketing
942 _cBK
999 _c33895
_d33895